[Event "Thessaloniki-Chalkidiki-chT B local"]
[Site "Thessaloniki"]
[Date "2019.03.17"]
[Round "8.1"]
[White "Metaxas, Efstathios"]
[Black "Halkias, Alexandros"]
[Result "0-1"]
[WhiteElo "1946"]
[BlackElo "2120"]
[PlyCount "82"]
[EventDate "2019.01.13"]
[EventType "team-swiss"]
[EventRounds "9"]
[EventCountry "GRE"]
[SourceTitle "EXT 2020"]
[Source "ChessBase"]
[SourceDate "2019.10.17"]
[SourceVersion "1"]
[SourceVersionDate "2019.10.17"]
[SourceQuality "1"]

1. e4 c6 2. d4 d5 3. exd5 cxd5 4. c4 Nf6 5. Nc3 e6 6. Nf3 Be7 7. Bf4 0-0 8. c5 Bd7 9. Bd3 b6 10. b4 a5 11. a3 axb4 12. axb4 Nc6 13. Rb1 bxc5 14. bxc5 Ra3 15. Qc1 Qa5 16. Bd2 Qa8 17. 0-0 Ne4 18. Bxe4 dxe4 19. Nxe4 Rxf3 20. gxf3 Nxd4 21. Qd1 Ba4 22. Ra1 Bxd1 23. Rxa8 Rxa8 24. Rxd1 Nxf3+ 25. Kg2 Nxd2 26. Rxd2 Rc8 27. Rd7 Kf8 28. Rb7 f5 29. Nd6 Bxd6 30. cxd6 Rd8 31. Rb6 Kf7 32. f4 Kf6 33. Kf3 Rd7 34. h4 g6 35. h5 gxh5 36. Kg3 Rg7+ 37. Kh4 Rg4+ 38. Kxh5 Rxf4 39. d7 Rd4 40. Rb7 Rd1 41. Kh4 Ke7 0-1

[Event "Thessaloniki-Chalkidiki-chT B local"]
[Site "Thessaloniki"]
[Date "2019.02.17"]
[Round "5.1"]
[White "Metaxas, Efstathios"]
[Black "Konstantinou, Konstantinos"]
[Result "1-0"]
[WhiteElo "1946"]
[BlackElo "1907"]
[PlyCount "55"]
[EventDate "2019.01.13"]
[EventType "team-swiss"]
[EventRounds "9"]
[EventCountry "GRE"]
[SourceTitle "EXT 2020"]
[Source "ChessBase"]
[SourceDate "2019.10.17"]
[SourceVersion "1"]
[SourceVersionDate "2019.10.17"]
[SourceQuality "1"]

1. e4 e6 2. d4 d5 3. Nc3 Bb4 4. e5 c5 5. a3 Bxc3+ 6. bxc3 Qc7 7. a4 cxd4 8. Nf3 Qxc3+ 9. Bd2 Qc5 10. Bd3 Ne7 11. 0-0 h6 12. Qe2 Nbc6 13. Rfb1 a6 14. h4 h5 15. Ng5 g6 16. Nf3 Nf5 17. Bg5 Nb8 18. Bf6 Rg8 19. Ng5 Qc6 20. a5 Nd7 21. Bxf5 exf5 22. e6 Nxf6 23. exf7+ Kf8 24. fxg8Q+ Kxg8 25. Rb6 Qc3 26. Re1 Bd7 27. Rxf6 Kg7 28. Rf7+ 1-0

[Event "GRE-ch U18"]
[Site "Nikaia"]
[Date "2012.01.07"]
[Round "7"]
[White "Metaxas, Efstathios"]
[Black "Hatzoudis, Gerasimos"]
[Result "0-1"]
[WhiteElo "1904"]
[BlackElo "1838"]
[PlyCount "82"]
[EventDate "2012.01.03"]
[EventType "swiss"]
[EventRounds "9"]
[EventCountry "GRE"]
[SourceTitle "CBM 146 Extra"]
[Source "ChessBase"]
[SourceDate "2012.02.29"]
[SourceVersion "1"]
[SourceVersionDate "2012.02.29"]
[SourceQuality "1"]

1. d4 Nf6 2. Nf3 g6 3. Bg5 Bg7 4. Bxf6 Bxf6 5. e4 d6 6. Bc4 0-0 7. Nc3 Nd7 8. Qe2 e5 9. Rd1 c6 10. a4 Qb6 11. d5 Qxb2 12. Qd2 Qb4 13. Ba2 c5 14. 0-0 a6 15. Qe3 Bg7 16. Nd2 Qa5 17. Nc4 Qc7 18. Rb1 f5 19. f3 b6 20. Rb2 Rb8 21. Rfb1 f4 22. Qc1 Bf6 23. Nd2 Be7 24. Bc4 Rf6 25. Be2 Kg7 26. Rb3 Bd8 27. R1b2 g5 28. Qb1 Qa7 29. a5 b5 30. Bxb5 c4+ 31. Kf1 cxb3 32. Bc6 bxc2 33. Qxc2 Rxb2 34. Qxb2 Bxa5 35. Nc4 Bxc3 36. Qxc3 Qc5 37. Qa5 Qxc4+ 38. Ke1 Qc1+ 39. Ke2 Qb2+ 40. Kd1 Qb6 41. Qa4 Nc5 0-1

[Event "GRE-ch U18"]
[Site "Nikaia"]
[Date "2012.01.06"]
[Round "5"]
[White "Metaxas, Efstathios"]
[Black "Poulopoulos, Ioannis"]
[Result "1-0"]
[WhiteElo "1904"]
[BlackElo "1996"]
[PlyCount "127"]
[EventDate "2012.01.03"]
[EventType "swiss"]
[EventRounds "9"]
[EventCountry "GRE"]
[SourceTitle "CBM 146 Extra"]
[Source "ChessBase"]
[SourceDate "2012.02.29"]
[SourceVersion "1"]
[SourceVersionDate "2012.02.29"]
[SourceQuality "1"]

1. d4 Nf6 2. Nf3 e6 3. Bf4 c5 4. e3 b6 5. Bd3 Bb7 6. Nbd2 cxd4 7. exd4 Be7 8. c3 d6 9. Qe2 Nbd7 10. h3 Qc7 11. 0-0 0-0 12. Rfe1 Rfe8 13. Bg3 Bf8 14. Rad1 Rad8 15. Bc4 h6 16. Qd3 e5 17. Qf5 Qc6 18. Bb3 e4 19. d5 Nxd5 20. Nd4 Qc5 21. Nxe4 Qa5 22. Nxd6 Rxe1+ 23. Rxe1 Bxd6 24. Bxd6 N7f6 25. Bg3 g6 26. Qf3 Ba8 27. Re5 Qc5 28. Qe2 Kg7 29. Kh2 Bb7 30. Qf3 Ba8 31. Qd3 Nd7 32. Bxd5 Nxe5 33. Bxe5+ Kf8 34. c4 Bxd5 35. cxd5 Qxd5 36. Qe3 g5 37. Nf5 Qe6 38. g4 f6 39. Bc3 Qxe3 40. fxe3 Rd3 41. Bxf6 Kf7 42. Bd4 Kg6 43. Kg3 h5 44. Kf3 Rd1 45. Ng3 h4 46. Ne4 Rf1+ 47. Nf2 Rc1 48. e4 Kf7 49. e5 Ke6 50. Ne4 Kd5 51. Bc3 b5 52. a3 a5 53. Nxg5 b4 54. axb4 axb4 55. Bxb4 Kxe5 56. Bc3+ Kd5 57. Kf4 Rf1+ 58. Nf3 Rh1 59. Nxh4 Rxh3 60. Nf3 Rh7 61. g5 Rf7+ 62. Kg4 Ke4 63. Nd2+ Ke3 64. Nc4+ 1-0

[Event "GRE-ch U18"]
[Site "Nikaia"]
[Date "2012.01.05"]
[Round "4"]
[White "Hnaras, Foivos"]
[Black "Metaxas, Efstathios"]
[Result "1/2-1/2"]
[WhiteElo "1759"]
[BlackElo "1904"]
[PlyCount "79"]
[EventDate "2012.01.03"]
[EventType "swiss"]
[EventRounds "9"]
[EventCountry "GRE"]
[SourceTitle "CBM 146 Extra"]
[Source "ChessBase"]
[SourceDate "2012.02.29"]
[SourceVersion "1"]
[SourceVersionDate "2012.02.29"]
[SourceQuality "1"]

1. d4 Nf6 2. c4 e6 3. g3 Bb4+ 4. Bd2 Qe7 5. Nf3 b6 6. Bg2 Bb7 7. Nc3 0-0 8. 0-0 d6 9. a3 Bxc3 10. Bxc3 Nbd7 11. Re1 Ne4 12. Rc1 f5 13. Nd2 Rf7 14. Nxe4 Bxe4 15. Bxe4 fxe4 16. Qc2 Nf6 17. f3 Raf8 18. Rf1 exf3 19. exf3 Nh5 20. f4 Rf5 21. Qe2 R8f6 22. Rce1 Rg6 23. Qe3 Qh4 24. Qxe6+ Rxe6 25. gxh4 Rxe1 26. Rxe1 Kf7 27. Bd2 Nxf4 28. Bxf4 Rxf4 29. Rf1 Rxf1+ 30. Kxf1 c6 31. Kf2 Kf6 32. Kf3 Kf5 33. b3 g6 34. h3 a6 35. b4 b5 36. cxb5 axb5 37. Ke3 h6 38. Kf3 d5 39. Ke3 g5 40. Kf3 1/2-1/2

[Event "GRE-chT 37th"]
[Site "Kallithea"]
[Date "2009.07.07"]
[Round "7"]
[White "Drakakis, Georgios"]
[Black "Metaxas, Efstathios"]
[Result "0-1"]
[WhiteElo "1784"]
[BlackElo "1748"]
[PlyCount "142"]
[EventDate "2009.07.03"]
[EventType "team-tourn"]
[EventRounds "9"]
[EventCountry "GRE"]
[SourceTitle "CBM 131 Extra"]
[Source "ChessBase"]
[SourceDate "2009.09.03"]
[SourceVersion "2"]
[SourceVersionDate "2009.09.16"]
[SourceQuality "1"]

1. e4 Nf6 2. e5 Nd5 3. c4 Nb6 4. d4 d6 5. f4 dxe5 6. fxe5 Nc6 7. Be3 Bf5 8. Nf3 e6 9. Nc3 Bg4 10. Be2 Bxf3 11. gxf3 Qh4+ 12. Bf2 Qf4 13. Qc1 Qf5 14. Rg1 0-0-0 15. Rg5 Qh3 16. Rg4 Qxh2 17. Qe3 Ne7 18. Bg1 Nf5 19. Qd2 Qh6 20. 0-0-0 Qxd2+ 21. Rxd2 h5 22. Rg2 g6 23. Kb1 Bh6 24. Rd1 Be3 25. d5 exd5 26. cxd5 Bxg1 27. Rgxg1 Ne3 28. Rd2 Nbxd5 29. Nxd5 Nxd5 30. Bc4 c6 31. e6 fxe6 32. Rxg6 Nf4 33. Rxd8+ Kxd8 34. Rf6 Nd5 35. Rxe6 h4 36. Bxd5 h3 37. Be4 h2 38. f4 h1Q+ 39. Bxh1 Rxh1+ 40. Kc2 Rf1 41. Re4 Kd7 42. Kd3 Rf2 43. Rb4 b5 44. Ke3 Rh2 45. Kd3 a5 46. Rd4+ Ke6 47. Kc3 Rf2 48. Re4+ Kd5 49. Re5+ Kd6 50. Re4 c5 51. a3 c4 52. b4 Rf3+ 53. Kc2 Rxa3 54. bxa5 Rxa5 55. f5 Ra2+ 56. Kc3 Rf2 57. Re6+ Kd5 58. Re8 Rxf5 59. Rb8 Kc5 60. Rc8+ Kb6 61. Rb8+ Kc6 62. Rc8+ Kb7 63. Rh8 Rf3+ 64. Kc2 Kb6 65. Rb8+ Kc5 66. Rc8+ Kb4 67. Rb8 Rf2+ 68. Kc1 c3 69. Rb7 c2 70. Rb8 Kc3 71. Rc8+ Kb3 0-1

[Event "GRE-chT 37th"]
[Site "Kallithea"]
[Date "2009.07.06"]
[Round "6"]
[White "Metaxas, Efstathios"]
[Black "Papakonstantinou, Dimitrios"]
[Result "1-0"]
[WhiteElo "1748"]
[BlackElo "1831"]
[PlyCount "72"]
[EventDate "2009.07.03"]
[EventType "team-tourn"]
[EventRounds "9"]
[EventCountry "GRE"]
[SourceTitle "CBM 131 Extra"]
[Source "ChessBase"]
[SourceDate "2009.09.03"]
[SourceVersion "2"]
[SourceVersionDate "2009.09.16"]
[SourceQuality "1"]

1. d4 d5 2. Nf3 Nf6 3. Bf4 g6 4. e3 Bg7 5. Bd3 0-0 6. 0-0 Nbd7 7. h3 c5 8. c3 Re8 9. Bh2 b6 10. Nbd2 Bb7 11. Re1 Ne4 12. Bxe4 dxe4 13. Ng5 Nf6 14. Qb3 c4 15. Qc2 Qd5 16. h4 h6 17. Nh3 Rac8 18. Be5 a6 19. b3 cxb3 20. axb3 a5 21. c4 Qd7 22. Reb1 Qg4 23. b4 axb4 24. Rxb4 Nd5 25. Rba4 Bxe5 26. dxe5 Qe2 27. Ra7 Ba8 28. Rxa8 Rxa8 29. Rxa8 Rxa8 30. cxd5 b5 31. Nf4 Qe1+ 32. Kh2 Qxf2 33. Qc6 Ra2 34. Qe8+ Kg7 35. Qxe7 Rxd2 36. e6 Kh8 1-0

[Event "GRE-chT 37th"]
[Site "Kallithea"]
[Date "2009.07.05"]
[Round "2"]
[White "Metaxas, Efstathios"]
[Black "Michelakos, Panagiotis"]
[Result "1-0"]
[WhiteElo "1748"]
[BlackElo "2005"]
[PlyCount "75"]
[EventDate "2009.07.03"]
[EventType "team-tourn"]
[EventRounds "9"]
[EventCountry "GRE"]
[SourceTitle "CBM 131 Extra"]
[Source "ChessBase"]
[SourceDate "2009.09.03"]
[SourceVersion "2"]
[SourceVersionDate "2009.09.16"]
[SourceQuality "1"]

1. d4 Nf6 2. c4 b6 3. Nc3 Bb7 4. Bg5 h6 5. Bxf6 exf6 6. e4 Bb4 7. Qg4 0-0 8. Bd3 c5 9. d5 Bxc3+ 10. bxc3 d6 11. Ne2 Nd7 12. f4 Qc7 13. 0-0 Rfe8 14. Ng3 g6 15. Rf3 Nf8 16. Qh4 Kg7 17. Nf5+ gxf5 18. Rg3+ Ng6 19. exf5 Re3 20. fxg6 Rxg3 21. Qxg3 Rg8 22. Bf5 Kh8 23. g7+ Rxg7 24. Qh4 Qd8 25. Qxh6+ Kg8 26. Re1 Bc8 27. Bxc8 Qxc8 28. f5 Qd8 29. Re4 Rh7 30. Rg4+ Kh8 31. Qe3 Qd7 32. Qg3 Qe7 33. h3 Qd8 34. Re4 Rg7 35. Qe3 Kh7 36. Re8 Qd7 37. Qe4 Rg5 38. Qh4+ 1-0